000 00872nmc a2200301 a 4500
003 AR-BaBNM
005 20251128205850.0
008 248119s1997 ||||||||||||||000 | spa||
020 _a84-7738-449-5
040 _cAR-BaBNM
100 1 _aValles, Miguel S.
245 1 0 _aTécnicas cualitativas de investigación social
_breflexión metodológica y práctica profesional
260 _aMadrid
_bSíntesis
_c1997
300 0 _a430 p.
_bgráfs.
490 0 _aSíntesis sociología
504 _aBibliografía: 403-430
600 0 4 _aGlaser
600 0 4 _aStrauss
650 4 _aPROBLEMAS DE INVESTIGACION
650 4 _aINVESTIGACION EN CIENCIAS SOCIALES
650 4 _aANALISIS CUALITATIVO
650 4 _aESTUDIOS SOCIALES
650 4 _aPROGRAMAS DE INVESTIGACION
650 4 _aMETODOS DE INVESTIGACION
651 4 _aEspaña
942 _cBK
998 _cARTURO
999 _c13073
_d13073